000 00302 a2200157 4500
001 173018
020 _a
040 _cMagnum
100 _aPaula, Branca Maria de
240 1 0 _aZigue-zague
_lpor
245 1 0 _aZigue-zague
362 0 _a1899
440 1 _aFTD
697 _aIJ/GERAL
942 _cBK
999 _c173018
_d173018